00782nam a2200205Ia 4500003000900000008004100009020001800050040001600068080001700084245013100101260004800232300001400280650004100294650003000335650003400365700003300399942000700432999001500439952012200454IN-BaIIA211028s9999 xx 000 0 eng d a0-521-36331-4 cIIA Library a524.527bMOL 0aMolecular astrophysicsba volume honouring Alexander Dalgarnocedited by T. W. Hartquist  aCambridgebCambridge University Pressc1990 axv, 484p. aAstronomy and astrophysics thesaurus aInterstellar medium93375 aMolecular astrophysics914505 aHartquist, T. W., ed.916640 cBK c9827d9827 00104070aBANbBANcGENd0000-00-00g1575.00l0o524.527/ MOLp10737r2021-11-05v1575.00w0000-00-00yBKGRs. 1575